Estadísticas para Países que Limitan con Irán

Haz click aquí para tomar la prueba!

Estadísticas generales

  • Esta prueba ha sido tomada 3.906 veces
  • La puntuación promedio es 6 de 7

Respuestas en el mapa

Las respuestas están codificadas por una escala verde-roja en el mapa de la prueba según el % correcto abajo.
 

Estadísticas de respuestas

País% Correcto
Irak
100%
Afganistán
95%
Pakistán
95%
Armenia
89%
Azerbaiyán
89%
Turkmenistán
89%
Turquía
89%

Distribución de puntuación

Porcentaje por número respondido

Porcentaje de gente con cada puntuación

Historial de tus puntuaciones

No has tomado esta prueba